| 000 | 01323nac a22004217a 4500 | ||
|---|---|---|---|
| 001 | BR0600498 | ||
| 003 | BR-BrBNA | ||
| 005 | 20240105123241.0 | ||
| 008 | 230509b bl.|||m| |||| 00| 0 por d | ||
| 040 |
_aBR-BrBNA _bpor _cBiblioteca Nacional de Agricultura |
||
| 072 | _aF30 | ||
| 090 | _a1410 BR0600498 | ||
| 100 | 1 | _aRava, C.A. | |
| 100 | 1 | _aFaria, L.C. de | |
| 100 | 1 | _aCosta, J.G.C. da | |
| 100 | 1 | _aDel Peloso, M.J. | |
| 100 | 1 | _aMelo, L.C..Diaz, J.L.C. | |
| 100 | 1 | _aFaria, J.C. de | |
| 100 | 1 | _aSilva, H.T. da | |
| 100 | 1 | _aSartorato, A. | |
| 100 | 1 | _aBassinello, P.Z. | |
| 100 | 1 | _aZimmermann, F.J.P. | |
| 110 | 1 | _aEMBRAPA Arroz e Feijão, Santo Antônio de Goiás, GO (Brasil) | |
| 245 | 1 | _aBRS Pitanga: nova cultivar de feijoeiro comum do grupo comercial roxinho | |
| 260 | 3 |
_aSanto Antônio de Goiás, GO (Brasil): _c2004. |
|
| 300 | _a2 p. | ||
| 490 |
_aComunicado Técnico - EMBRAPA Arroz e Feijão (Brazil) _vno. 94 _xISSN 1677-910X |
||
| 650 | _aFEIJÃO | ||
| 650 | _aGRÃO | ||
| 650 | _aMELHORAMENTO GENÉTICO VEGETAL | ||
| 650 | _aVARIEDADE RESISTENTE | ||
| 650 | _aGENÓTIPO | ||
| 650 | _aTOMBAMENTO DA PLANTA | ||
| 650 | _aCONTROLE QUÍMICO | ||
| 650 | _aCARACTERÍSTICAS AGRONÔMICAS | ||
| 909 |
_a202312 _bLúcia Elande _c55 _dLúcia Elande |
||
| 942 |
_2AGRIS _n0 _cMS |
||
| 999 |
_c294621 _d294621 |
||